| 000 | 00546nam a2200181 i 4500 | ||
|---|---|---|---|
| 001 | 75735 | ||
| 003 | ES-MaACL | ||
| 005 | 20230906172557.0 | ||
| 007 | t| | ||
| 008 | 040927s1921 sp ||||1| spa d | ||
| 100 | 1 |
_aGrau, Jacinto, _d1877-1958 _959732 |
|
| 245 | 1 | 3 |
_aEl señor de Pigmalion _b: farsa tragicómica... en 3 actos y un prólogo / _cJacinto Grau. |
| 260 |
_aMadrid : _bAteneo, _c[1921] ( _fatenea) |
||
| 300 |
_a255 p. ; _c14 cm. |
||
| 710 | 2 |
_aAteneo de Madrid. _91875 |
|
| 852 |
_aES-MaACL _jF-2735 |
||
| 999 |
_c75735 _d75735 |
||